| 000 | 00849aam a2200253 i 4500 | ||
|---|---|---|---|
| 999 |
_c7861 _d7861 |
||
| 001 | 991061046971306706 | ||
| 003 | OSt | ||
| 005 | 20240215165804.0 | ||
| 008 | 231124s2023 sp a 000 0 spa|c | ||
| 017 |
_aDL V 3194-2023 _bOficina DL Valencia |
||
| 020 | _a9788411830270 | ||
| 040 |
_aES-ViU _bcat _erda _cCDMR |
||
| 080 |
_a070:004 _22004 |
||
| 245 | 0 | 0 |
_aManual de nuevos formatos y narrativas para el periodismo y la no ficción / _cSusana Herrera Damas, José Luis Rojas Torrijos, editores |
| 264 | 1 |
_aValencia : _bTirant humanidades, _c2023 |
|
| 300 |
_a330 pàgines : _bil·lustracions en color ; _c22 cm |
||
| 650 | 0 |
_93076 _aPeriodisme digital |
|
| 650 | 0 |
_94931 _aNarrativa transmèdia |
|
| 700 | 1 | _aHerrera Damas, Susana, | |
| 700 | 1 | _aRojas Torrijos, José Luis, | |
| 908 |
_aUVic-UCC _aUAB |
||
| 940 | _aCVA2 | ||
| 942 |
_2udc _cMON |
||